Biochemistry / (Record no. 99842)

MARC details
000 -LEADER
fixed length control field 00912cam a2200253 i 4500
003 - CONTROL NUMBER IDENTIFIER
control field URS
005 - DATE AND TIME OF LATEST TRANSACTION
control field 20260415165551.0
008 - FIXED-LENGTH DATA ELEMENTS--GENERAL INFORMATION
fixed length control field 150819s2017 maua b 001 0 eng
020 ## - INTERNATIONAL STANDARD BOOK NUMBER
International Standard Book Number 978-0-35772-845-1
040 ## - CATALOGING SOURCE
Language of cataloging English
Description conventions rda
Transcribing agency URS
050 00 - LIBRARY OF CONGRESS CALL NUMBER
Classification number QD415
Item number .G1922 2024
100 1# - MAIN ENTRY--PERSONAL NAME
Personal name Garrett, Reginald H.,
Relator term author.
245 10 - TITLE STATEMENT
Title Biochemistry /
Statement of responsibility, etc. Reginald H. Garrett, Charles M. Grisham, University of Virginia ; with molecular graphic images by Michal Sabat, University of Virginia.
250 ## - EDITION STATEMENT
Edition statement Seventh edition.
264 #1 - PRODUCTION, PUBLICATION, DISTRIBUTION, MANUFACTURE, AND COPYRIGHT NOTICE
Place of production, publication, distribution, manufacture Boston, MA :
Name of producer, publisher, distributor, manufacturer Cengage Learning,
Date of production, publication, distribution, manufacture, or copyright notice ©2024.
300 ## - PHYSICAL DESCRIPTION
Extent 1328 pages :
Other physical details color illustrations ;
Dimensions 29 cm.
336 ## - CONTENT TYPE
Content type term text
Content type code txt
Source rdacontent
337 ## - MEDIA TYPE
Media type term unmediated
Media type code n
Source rdamedia
338 ## - CARRIER TYPE
Carrier type term volume
Carrier type code nc
Source rdacarrier
504 ## - BIBLIOGRAPHY, ETC. NOTE
Bibliography, etc. note Includes bibliographical references and index.
650 #0 - SUBJECT ADDED ENTRY--TOPICAL TERM
Topical term or geographic name entry element Biochemistry
Form subdivision Textbooks.
700 1# - ADDED ENTRY--PERSONAL NAME
Personal name Grisham, Charles M.,
Relator term author.
942 ## - ADDED ENTRY ELEMENTS (KOHA)
Source of classification or shelving scheme Library of Congress Classification
Koha item type Reserved Books

No items available.

University of Rizal System
Email us at univlibservices@urs.edu.ph

Visit our Website www.urs.edu.ph/library